| 000 | 00417nam a2200169 a 4500 | ||
|---|---|---|---|
| 001 | 3056 | ||
| 003 | CDMR | ||
| 005 | 20130116135239.0 | ||
| 008 | 130130s1989||||||||||||||||||||||||||||d | ||
| 040 |
_aCDMR _bcat _cCDMR |
||
| 100 | 1 |
_aXammar, Eugeni _91340 |
|
| 245 | 1 | 0 |
_aPeriodisme _cEugeni Xammar |
| 260 |
_aBarcelona _c1989 _bQuaderns Crema |
||
| 300 |
_a166 p ; _c21 cm |
||
| 490 | 0 |
_aSèrie gran _v12 _92237 |
|
| 942 | _cMON | ||
| 999 |
_c3056 _d3056 |
||